00366nam a2200133Ia 4500008004100000041000800041082001100049100002700060245004900087260004100136300001300177650001800190700002400208260514s2025 xx 000 0 und d aeng bM-3761 aDR. DATTATRAYA SHINKAR aPRODUCTS DEVELOPMENT AND TECHNOLOGY TRANSFER aNEW DELHIbWILEY INDIA PVT LTDc2025 aP.B./420 aPHARMACEUTICS aDR.SACHIN KOTHAWADE